000 00471nam a2200181Ia 4500
001 22834
005 20260414150857.0
008 260414t2018||||xx |||||||||||||| ||spa||
041 _aESP
082 _a624.151
_bJ49
100 _aJia, Junbo
_eAUT
245 0 _aSoil dynamics and foundation modeling :
_boffshore and earthquake engineering
260 _c2018
300 _axxii, 740 páginas :
_c24 cm.
650 _a0
654 _aCIC
942 _cLIB
_dJUS
_fJUS
_2ddc
_n
999 _c22834
_d22834